000 01468cam a2200265 4500
001 2198204
003 OSt
005 20210414113842.0
008 700428s1970 njuac b 001 0 eng
010 _a 73093291
020 _a0133508439 9780133508437
040 _aDLC
_cDLC
_dDLC
050 0 0 _aBF121.D415
082 0 0 _a150
100 1 _aDember, William N.
_q(William Norton),
_d1928-
245 1 0 _aGeneral psychology; modeling behavior and experience
_c[by] William N. Dember [and] James J. Jenkins.
260 _aEnglewood Cliffs, N.J.,
_bPrentice-Hall
_c[1970]
300 _axiv, 784 p.
_billus. (part col.), ports.
_c25 cm.
504 _aBibliography: p. 747-763.
505 _aContents: Introduction -- Psychology and the scientific approach to knowledge -- Psychological research -- Measurement in psychology -- Comtemporary psychology: Its multiple roots and may routes -- The Visual system: Physics, anatomy, and physiology -- Basic visual discriminations -- Perceptual organization -- Other sensory modalities -- Simple forms of behaviour modification -- Instrumenatal learning: Types and models -- Human learning and remembering -- Language -- Thinking -- Intelligence -- Arousal and affect -- Motivation -- Conflict, control, and psychopathology -- The Person and the group -- Conclusion -- Glossary.
650 0 _aPsychology.
700 1 _aJenkins, James J.,
_ejoint author.
906 _a7
_bcbc
_corignew
_du
_encip
_f19
_gy-gencatlg
942 _2lcc
_cBK
999 _c63
_d7563